[Event "American Zonal 2_5 Open"]
[Site "Montevideo, URU"]
[Date "2013.04.20"]
[Round "2.11"]
[White "Caceres Recalde, Fernando"]
[Black "Augoustis Funti, Alexis"]
[Result "1-0"]
[WhiteElo "2235"]
[BlackElo "1948"]

1. e4 e6 2. d4 d5 3. Nd2 dxe4 4. Nxe4 Nd7 5. Nf3 Ngf6 6. Bg5 h6 7. Nxf6+ Nxf6
8. Be3 Nd5 9. Bd3 Bd6 10. Qd2 Qf6 11. O-O-O Bd7 12. Kb1 O-O 13. h4 Bc6 14.
Bg5 Bf4 15. Bxf6 Bxd2 16. Bxg7 Kxg7 17. Nxd2 f5 18. Be2 Kf6 19. Bf3 Rg8 20.
Rhe1 Ne7 21. g3 f4 22. Bxc6 Nxc6 23. Ne4+ Kf7 24. c3 b6 25. Rd3 fxg3 26. fxg3
Raf8 27. Nf2 Ke7 28. Nh3 Kd7 29. Nf4 Nd8 30. d5 exd5 31. Nxd5 Rg7 32. Ne7+ 1-0

[Event "American Zonal 2_5 Open"]
[Site "Montevideo, URU"]
[Date "2013.04.20"]
[Round "2.12"]
[White "Izquierdo, Daniel"]
[Black "Pinero, Ismael"]
[Result "1-0"]
[WhiteElo "2219"]
[BlackElo "1883"]

1. d4 Nf6 2. Nc3 d5 3. Bg5 Bf5 4. Bxf6 gxf6 5. e3 c6 6. Bd3 Qd7 7. Nge2 e5 8.
Bxf5 Qxf5 9. Ng3 Qg6 10. O-O h5 11. Qf3 h4 12. Nge2 h3 13. g3 Nd7 14. e4
dxe4 15. Nxe4 f5 16. N4c3 e4 17. Qe3 Bd6 18. f3 Nf6 19. fxe4 Nxe4 20. Nf4 Bxf4
21. Rxf4 O-O-O 22. Nxe4 Rhe8 23. Re1 Re6 24. Qf2 fxe4 25. Rxf7 Rxd4 26. Qxd4
Qxf7 27. Qh8+ Kc7 28. Qxh3 e3 29. Qf1 Rf6 30. Qd3 Qxa2 31. Qc3 Re6 32. b3 e2
33. Qc4 Qa5 34. Rxe2 Qa1+ 35. Kg2 Rf6 36. Re7+ Kd6 37. Rxb7 c5 38. Qd3+ Ke6
39. Qe4+ Kd6 40. Qe7+ Kd5 41. c4+ 1-0

[Event "American Zonal 2_5 Open"]
[Site "Montevideo, URU"]
[Date "2013.04.20"]
[Round "2.14"]
[White "Ibanez, Marcelo"]
[Black "Latorre, Matias"]
[Result "0-1"]
[WhiteElo "1879"]
[BlackElo "2274"]

1. Nf3 Nf6 2. g3 b6 3. Bg2 Bb7 4. O-O g6 5. d3 Bg7 6. Re1 O-O 7. c3 d5 8. Qc2
Nbd7 9. Nbd2 e5 10. e4 Re8 11. b4 c5 12. Rb1 Rc8 13. b5 c4 14. dxc4 Nxe4 15.
Nxe4 dxe4 16. Ng5 f5 17. Be3 h6 18. Nh3 g5 19. Kh1 Qe7 20. Rbd1 Red8 21. c5
Nxc5 22. Bxc5 Qxc5 23. g4 fxg4 24. Ng1 Qxb5 25. Ne2 Rd3 26. Ng3 Rdxc3 27.
Rd8+ Rxd8 28. Qxc3 Rc8 29. Qd2 Qd5 30. Qe2 Qc4 31. Qxg4 Qxa2 32. Nxe4 Rf8 33.
Qd7 Qf7 34. Qa4 Rd8 35. Kg1 Bf8 36. Re3 Bxe4 37. Bxe4 Bc5 38. Rf3 Qd7 39. Qc4+
Kg7 40. Bd3 Qd5 41. Qg4 Rf8 42. Rxf8 Kxf8 43. Bg6 Ke7 44. Qc8 Qd8 45. Qf5
Qd1+ 46. Kg2 Qd5+ 47. Kg1 Qe6 48. Qe4 Bd4 49. Bf5 Qa2 50. Qf3 a5 51. Kg2 Kd6 52.
Bd3 Qxf2+ 0-1

[Event "American Zonal 2_5 Open"]
[Site "Montevideo, URU"]
[Date "2013.04.20"]
[Round "2.15"]
[White "Ibar, Marcelo"]
[Black "Mesias Rojas, Rabindranath"]
[Result "1/2-1/2"]
[WhiteElo "2196"]
[BlackElo "2213"]

1. Nf3 c5 2. g3 Nc6 3. Bg2 e5 4. e4 d6 5. O-O g6 6. c3 Bg7 7. d3 Nge7 8. Be3
O-O 9. d4 cxd4 10. cxd4 Bg4 11. d5 Nb8 12. Qb3 b6 13. h3 Bxf3 14. Bxf3 f5 15.
Nc3 Nd7 16. Rad1 Nf6 17. Bg5 Nd7 18. Bg2 f4 19. Rfe1 h6 20. Bxe7 Qxe7 21.
Qb5 Nf6 22. gxf4 Nh5 23. f5 Bf6 24. Ne2 Bh4 25. Qd3 gxf5 26. exf5 Qg5 27. Rf1
Rxf5 28. f4 exf4 29. Nd4 Rf7 30. Ne6 Qf5 31. Qxf5 Rxf5 32. Rc1 Ng3 33. Rf2 f3
34. Nd4 Ne2+ 35. Rxe2 fxe2 36. Nxf5 e1=Q+ 37. Rxe1 Bxe1 38. Nxd6 Bb4 39. Nb7
Rc8 40. a3 Rc1+ 41. Kf2 Bc5+ 42. Kg3 a5 43. Kf4 Kf7 44. Ke5 Re1+ 45. Be4 Ke7
46. d6+ Kd7 47. Nxc5+ bxc5 48. Kd5 Rd1+ 49. Kxc5 Rxd6 50. b4 axb4 51. axb4
Rd2 52. b5 Kc7 53. b6+ Kb8 54. Bf5 h5 55. Bg6 Rg2 56. Bf7 Rg5+ 57. Bd5 h4 58.
Kc4 Rg3 59. Be6 Re3 60. Bf5 Re5 61. Bd7 Kb7 62. Kd4 Re7 63. Bf5 Kxb6 64. Be4
Rf7 65. Ke5 Kc7 66. Bf5 Rf8 67. Kf4 Kd6 68. Kg5 Ke5 69. Bg4 Rg8+ 70. Kxh4 Kf4
71. Kh5 Ra8 72. Kg6 Ra6+ 73. Kf7 Ke5 74. Ke8 Kd6 75. Kf7 Ke5 76. Kg7 Rd6 77.
Bc8 Rb6 78. Bg4 Rb7+ 79. Kg6 Kf4 80. Kf6 Rb6+ 81. Be6 Ke4 82. Kf7 Ke5 83. Bg4
Rc6 84. Kg7 Rb6 85. Kf7 Ra6 86. Kg7 Rf6 87. Bc8 Rf2 88. Bg4 Rc2 89. Kf7 Kf4
90. Kf6 Rc5 91. Bd7 Ra5 92. Bg4 Ra6+ 93. Be6 Rb6 94. Kf7 Kg5 95. Bg4 Ra6 96.
Ke7 Ra1 97. Ke6 Re1+ 98. Kd5 Kf4 99. Kd6 Re5 100. Be6 Ke4 101. Bg4 Kd4 102.
Be6 Rh5 103. Bg4 Rh6+ 104. Ke7 Ke5 105. Kf7 1/2-1/2

[Event "American Zonal 2_5 Open"]
[Site "Montevideo, URU"]
[Date "2013.04.20"]
[Round "2.16"]
[White "D'Andrea, Leonardo"]
[Black "Campiglia, Guido"]
[Result "1/2-1/2"]
[WhiteElo "1921"]
[BlackElo "1871"]

1. d4 Nf6 2. c4 e6 3. Nc3 Bb4 4. Qc2 c5 5. dxc5 Na6 6. c6 dxc6 7. a3 Bxc3+ 8.
Qxc3 Nc5 9. f3 h6 10. b4 Ncd7 11. Bb2 e5 12. e4 O-O 13. Ne2 Re8 14. Ng3 Nf8
15. Rd1 Qc7 16. Bd3 Ng6 17. O-O Nf4 18. Rd2 Nxd3 19. Rxd3 a5 20. c5 b6 21.
Rfd1 axb4 22. axb4 Ra2 23. Ra1 Rxa1+ 24. Bxa1 Qa7 25. cxb6 Qxb6+ 26. Qc5 Qa6
27. Rd1 Nd7 28. Qd6 Qa4 29. Nf5 Re6 30. Qd2 Nf6 31. g4 Qa7+ 32. Kg2 Bd7 33. h4
Be8 34. Kh2 Nd7 35. Bc3 Nf8 36. Ra1 Qd7 37. Qe2 Ng6 38. Rd1 Qa7 39. Rd8 Kh7
40. Qe3 Qxe3 41. Nxe3 Nxh4 42. Kg3 g5 43. Nc4 f6 44. Nd6 Bg6 45. Rd7+ Kg8 46.
Rd8+ Kh7 47. Rd7+ Kg8 48. Rd8+ Kh7 1/2-1/2

[Event "American Zonal 2_5 Open"]
[Site "Montevideo, URU"]
[Date "2013.04.20"]
[Round "2.18"]
[White "Muniz, Rafael"]
[Black "Marrero, Javier"]
[Result "1-0"]
[WhiteElo "2279"]
[BlackElo "1881"]

1. e4 c5 2. Nf3 e6 3. c3 Nf6 4. Bd3 d6 5. O-O Nc6 6. Bc2 e5 7. h3 Be7 8. Re1
O-O 9. d4 cxd4 10. cxd4 Qc7 11. Nc3 a6 12. Bg5 Bd7 13. Rc1 Rac8 14. Nd5 Qd8
15. Nxe7+ Qxe7 16. Qd2 h6 17. Bh4 Rc7 18. Bb3 Rfc8 19. Rcd1 Nb8 20. Bg3 Nc6
21. Bd5 Nxd4 22. Nxd4 exd4 23. Qxd4 Nxd5 24. exd5 Qf8 25. Qb6 Qd8 26. Qxd6 Rc2
27. Re7 Be8 28. Qxd8 Rxd8 29. Rxb7 Bc6 30. Rc7 Ba4 31. b3 Rxc7 32. Bxc7 Rd7
33. d6 Bc6 34. f4 f5 35. Kf2 Kf7 36. Rc1 Be4 37. g4 Ke6 38. Rc5 g6 39. Ke3 Bb1
40. Re5+ Kf7 41. Ra5 Ke6 42. Rxa6 Kd5 43. Ra5+ Kc6 44. a3 Rg7 45. b4 Be4 46.
gxf5 gxf5 47. h4 Bg2 48. Kf2 Bd5 49. Rc5+ 1-0

[Event "American Zonal 2_5 Open"]
[Site "Montevideo, URU"]
[Date "2013.04.20"]
[Round "2.19"]
[White "El Ters, Antouan"]
[Black "Davila Texeira, Mario"]
[Result "1-0"]
[WhiteElo "2236"]
[BlackElo "1879"]

1. e4 e5 2. Nf3 Nc6 3. d4 exd4 4. Nxd4 Qh4 5. Nc3 Bb4 6. Ndb5 Qxe4+ 7. Be2
Bxc3+ 8. bxc3 Kd8 9. O-O Nge7 10. Re1 Qa4 11. Ba3 Re8 12. Bc5 b6 13. Bd6 cxd6
14. Qxd6 Nd5 15. Qxd5 Re5 16. Qd3 Ba6 17. Rad1 d5 18. c4 Bxb5 19. cxb5 Ne7 20.
c4 Rc8 21. Kf1 Ng6 22. Qd4 f6 23. f4 Re7 24. Qxd5+ Ke8 25. Qg8+ Nf8 26. Bh5+
g6 27. Rxe7+ Kxe7 28. Re1+ 1-0

[Event "American Zonal 2_5 Open"]
[Site "Montevideo, URU"]
[Date "2013.04.20"]
[Round "2.20"]
[White "Iduate, Guillermo"]
[Black "Arcos Facio, Mateo"]
[Result "0-1"]
[WhiteElo "1855"]
[BlackElo "2185"]

1. e4 e5 2. Nf3 Nc6 3. Bc4 Bc5 4. c3 d6 5. d4 exd4 6. cxd4 Bb6 7. O-O Nf6 8.
Be3 Nxe4 9. Re1 d5 10. Bg5 f6 11. Bxd5 Qxd5 12. Nc3 Qf5 13. Rxe4+ Be6 14. d5
O-O-O 15. Rxe6 fxg5 16. Qe2 Nd4 17. Nxd4 Bxd4 18. Nb5 Qxd5 19. Nxd4 Qxd4 20.
Re1 Rd7 21. Re8+ Rxe8 22. Qxe8+ Rd8 23. Qe6+ Qd7 24. Qe3 Qd2 25. Qe6+ Kb8 26.
Qe7 a6 27. Kf1 Rd7 28. Qe5 h6 29. h3 b6 30. Qe3 Qd3+ 31. Kg1 Kb7 32. Qe5 a5
33. a3 Qd4 34. Qe6 Rd6 35. Qe2 Qd3 36. Qe5 Qd4 37. Qe2 Rf6 38. Rd1 Rxf2 39.
Qxf2 Qxd1+ 40. Kh2 Qd6+ 41. Kh1 Qf4 42. Qc2 Qf1+ 43. Kh2 Qf4+ 44. Kh1 Qd4 45.
Qe2 a4 46. Qf3+ Kb8 47. Qf8+ Ka7 48. Qf7 Qd1+ 49. Kh2 Qd6+ 50. Kh1 Qe5 51.
Kg1 Kb7 52. Qf3+ c6 53. Qg4 Qe1+ 54. Kh2 Qe5+ 55. Kh1 b5 56. Qd7+ Kb6 57. Qd8+
Kc5 58. Qf8+ Kd4 59. Qb4+ Kd3 60. Kg1 Qd4+ 0-1

[Event "American Zonal 2_5 Open"]
[Site "Montevideo, URU"]
[Date "2013.04.20"]
[Round "2.21"]
[White "Magaldi, Nelson"]
[Black "Garcia, Axel"]
[Result "1-0"]
[WhiteElo "2084"]
[BlackElo "1790"]

1. e4 d5 2. exd5 Nf6 3. Bb5+ Bd7 4. Bc4 Bg4 5. f3 Bf5 6. Nc3 c6 7. dxc6 Nxc6
8. d3 e6 9. Be3 Bb4 10. a3 Bxc3+ 11. bxc3 Qa5 12. Ne2 Nd5 13. Bd2 Qc5 14. Rb1
Nb6 15. Bb5 O-O 16. Bxc6 Qxc6 17. c4 Rfd8 18. Qc1 e5 19. O-O Rac8 20. Ng3
Bg6 21. Be3 f5 22. Bxb6 axb6 23. Rb5 f4 24. Ne4 Bxe4 25. fxe4 Qd6 26. Qb2 Re8
27. Rxb6 Qc5+ 28. Kh1 Ra8 29. Rb3 Ra6 30. Qc3 Qe3 31. Qe1 Qa7 32. Qb4 Rg6 33.
Qb5 Re7 34. Qd5+ Rf7 35. c5 Qb8 36. Rb6 Rxb6 37. cxb6 Qc8 38. c4 Qg4 39. Rf3
Qh4 40. h3 g5 41. Qc5 h5 42. Qf2 Qxf2 43. Rxf2 Rf6 44. c5 g4 45. Rc2 Rc6 46.
a4 Kf7 47. Kg1 Ke7 48. Kf2 gxh3 49. gxh3 Rg6 50. c6 Kd8 51. c7+ Kc8 52. a5
Rd6 53. Rc5 Re6 54. Rd5 Re8 55. Kf3 h4 56. d4 exd4 57. Kxf4 1-0

[Event "American Zonal 2_5 Open"]
[Site "Montevideo, URU"]
[Date "2013.04.20"]
[Round "2.22"]
[White "Solari, Pablo"]
[Black "Bustelo, Tabare"]
[Result "0-1"]
[WhiteElo "1703"]
[BlackElo "2079"]

1. c4 e5 2. Nc3 f5 3. g3 Nf6 4. Bg2 g6 5. d3 Bg7 6. Nf3 d6 7. Qc2 c6 8. e4
O-O 9. O-O Na6 10. a3 Kh8 11. Bg5 Be6 12. Nh4 Qe8 13. Qd2 Nc5 14. Rae1 fxe4 15.
Nxe4 Ncxe4 16. Bxe4 Nxe4 17. Rxe4 Bh3 18. Rfe1 d5 19. cxd5 cxd5 20. Rb4 Qf7
21. Re3 h6 22. Rf3 Qe6 23. Rxf8+ Rxf8 24. Bxh6 b6 25. Qg5 Kh7 26. Bxg7 Kxg7
27. f3 a5 28. Rb3 e4 29. dxe4 dxe4 30. Qe3 exf3 31. Kf2 Qc4 32. Rd3 Qc2+ 33.
Rd2 Qb1 34. Qe5+ Rf6 35. Qe7+ Rf7 36. Qe5+ Kh7 37. Qe1 Qxe1+ 38. Kxe1 g5 39.
Kf2 gxh4 40. Rd4 hxg3+ 41. hxg3 Bg2 42. b4 Rc7 43. Rd2 axb4 44. axb4 Rc4 45.
Rb2 Kg6 46. Ke3 Re4+ 47. Kd3 Kf5 48. Rf2 Rxb4 49. Kc3 Re4 50. Kd3 Re6 51. Rb2
Bf1+ 52. Kd4 Be2 {Tiempo} 0-1

[Event "American Zonal 2_5 Open"]
[Site "Montevideo, URU"]
[Date "2013.04.20"]
[Round "2.23"]
[White "Carbone, Diego"]
[Black "Milan, Julio"]
[Result "1-0"]
[WhiteElo "2074"]
[BlackElo "1704"]

1. d4 Nf6 2. c4 g6 3. g3 Bg7 4. Bg2 c6 5. Nc3 d5 6. Qb3 dxc4 7. Qxc4 Be6 8.
Qd3 O-O 9. Nf3 Nbd7 10. Ng5 h6 11. Nxe6 fxe6 12. Qxg6 Qe8 13. Qxe8 Nxe8 14.
Bh3 Nc7 15. Bf4 e5 16. dxe5 Nxe5 17. O-O-O Nb5 18. Nxb5 cxb5 19. Rd5 Nc6 20.
Rhd1 e5 21. Be3 a6 22. Rd7 Rfd8 23. Rxd8+ Rxd8 24. Rxd8+ Nxd8 25. Bb6 Nc6 26.
Bc8 Nd4 27. e3 Nc6 28. Bxb7 Nb4 29. Kd2 Nxa2 30. Bd5+ 1-0

[Event "American Zonal 2_5 Open"]
[Site "Montevideo, URU"]
[Date "2013.04.20"]
[Round "2.24"]
[White "Hiriart, Guillermo"]
[Black "Tramutolo, Gustavo"]
[Result "1-0"]
[WhiteElo "2049"]
[BlackElo "1626"]

1. e4 e5 2. Bc4 Nf6 3. Qe2 Nc6 4. c3 Be7 5. Nf3 O-O 6. Bb3 d5 7. d3 d4 8. O-O
Re8 9. Ng5 Rf8 10. Nd2 a5 11. a4 b6 12. Nc4 Ng4 13. Nf3 Bf6 14. h3 Nh6 15.
Bxh6 gxh6 16. Nh2 Kh8 17. Qh5 dxc3 18. bxc3 Qxd3 19. Qxh6 Qd8 20. Rad1 Qe7 21.
Ne3 Be6 22. Nd5 Bxd5 23. Bxd5 Rad8 24. Bxc6 Bg7 25. Qe3 Qe6 26. Bd5 Qg6 27.
Qg3 Qh5 28. Qg4 Qh6 29. Qf5 Rd6 30. Ng4 Qh4 31. Kh2 h5 32. g3 Qe7 33. Qxh5+
Kg8 34. Ne3 Rh6 35. Qg4 Qf6 36. Nf5 Rg6 37. Qxg6 Qxg6 38. Ne7+ Kh7 39. Nxg6
fxg6 40. Bb3 Rf3 41. Rc1 Bh6 42. Rc2 Be3 43. Kg2 1-0

[Event "American Zonal 2_5 Open"]
[Site "Montevideo, URU"]
[Date "2013.04.20"]
[Round "3.1"]
[White "Flores, Diego"]
[Black "Caceres Recalde, Fernando"]
[Result "1-0"]
[WhiteElo "2600"]
[BlackElo "2235"]

1. c4 Nf6 2. g3 g6 3. b3 Bg7 4. Bb2 O-O 5. Bg2 d6 6. Nf3 Nbd7 7. O-O e5 8.
Nc3 Re8 9. Qc2 Nf8 10. d4 e4 11. Ng5 e3 12. fxe3 h6 13. Nge4 Ng4 14. Qd2 f5 15.
h3 Nxe3 16. Qxe3 fxe4 17. Nxe4 Qe7 18. g4 h5 19. gxh5 Bf5 20. h6 Bh8 21.
Rxf5 gxf5 22. Qg3+ Kh7 23. Rf1 Ne6 24. Rxf5 Rg8 25. Qd3 Rg6 26. Nf2 Rf8 27. e3
Rxf5 28. Qxf5 Qf6 29. Qxf6 Bxf6 30. Ng4 Ng5 31. Kh2 Kg8 32. Bxb7 Nf7 33. Be4
Rxg4 34. h7+ Kg7 35. hxg4 Ng5 36. Bf5 1-0

[Event "American Zonal 2_5 Open"]
[Site "Montevideo, URU"]
[Date "2013.04.20"]
[Round "3.3"]
[White "Almiron, Antonio"]
[Black "Alonso, Salvador"]
[Result "1/2-1/2"]
[WhiteElo "2194"]
[BlackElo "2521"]

1. e4 c5 2. Nf3 Nc6 3. d4 cxd4 4. Nxd4 g6 5. Nc3 Bg7 6. Be3 Nf6 7. Bc4 Qa5 8.
O-O O-O 9. Nb3 Qc7 10. f4 d6 11. Be2 b6 12. Nd5 Qd8 13. Bf3 Bb7 14. Nd4 Nd7
15. c3 Rc8 16. Rf2 Nxd4 17. cxd4 b5 18. Qb3 Bxd5 19. Qxd5 Nb6 20. Qb3 Nc4 21.
Rd1 Qb6 22. Re2 Nxe3 23. Qxe3 Rc4 24. e5 dxe5 25. fxe5 Rd8 26. d5 Qxe3+ 27.
Rxe3 a5 1/2-1/2

[Event "American Zonal 2_5 Open"]
[Site "Montevideo, URU"]
[Date "2013.04.20"]
[Round "3.4"]
[White "Rodriguez Vila, Andres"]
[Black "Izquierdo, Daniel"]
[Result "1-0"]
[WhiteElo "2503"]
[BlackElo "2219"]

1. e4 e5 2. Bc4 Nc6 3. Nf3 Bc5 4. O-O Nf6 5. d3 O-O 6. c3 d5 7. exd5 Nxd5 8.
Re1 Nb6 9. Bb5 f6 10. Nbd2 Kh8 11. Ne4 Bd6 12. d4 Bg4 13. Bxc6 bxc6 14. h3
Bxf3 15. Qxf3 exd4 16. cxd4 Nd5 17. Bd2 Rb8 18. b3 Qd7 19. Rac1 f5 20. Nc5 Bxc5
21. Rxc5 Rbe8 22. Rxe8 Rxe8 23. Ra5 Re4 24. Rxa7 h6 25. Ra8+ Kh7 26. Rf8
Rxd4 27. Bg5 g6 28. Bc1 Nc3 29. Bf4 Kg7 30. Rb8 Rd3 31. Be3 f4 32. Kh2 Nd5 33.
Qe4 Nxe3 34. Qe5+ Kf7 35. Rh8 Qd4 36. Qe8+ Kf6 37. Rxh6 Nf1+ 38. Kg1 Rd1 39.
Rxg6+ 1-0

[Event "American Zonal 2_5 Open"]
[Site "Montevideo, URU"]
[Date "2013.04.20"]
[Round "3.5"]
[White "Latorre, Matias"]
[Black "Felgaer, Ruben"]
[Result "0-1"]
[WhiteElo "2274"]
[BlackElo "2585"]

1. e4 c5 2. Nf3 e6 3. Nc3 a6 4. g3 b5 5. Bg2 Bb7 6. d3 d6 7. O-O Nd7 8. Ng5
Be7 9. f4 Bxg5 10. fxg5 Ne7 11. Ne2 d5 12. Nf4 dxe4 13. Nh5 O-O 14. b3 Ne5 15.
Bb2 N7g6 16. Rf6 Nf3+ 17. Kh1 e5 18. Rf5 Nd4 19. Bxd4 Qxd4 20. Qe1 Rad8 21.
Bxe4 Bc8 22. c3 Qd6 23. g4 c4 24. dxc4 Bxf5 25. gxf5 Nf4 26. Qh4 Qd1+ 0-1

[Event "American Zonal 2_5 Open"]
[Site "Montevideo, URU"]
[Date "2013.04.20"]
[Round "3.7"]
[White "Bachmann, Axel"]
[Black "Arias Bouzada, Jorge"]
[Result "1-0"]
[WhiteElo "2529"]
[BlackElo "2131"]

1. Nf3 c5 2. c4 Nf6 3. Nc3 Nc6 4. d4 cxd4 5. Nxd4 g6 6. e4 Bg7 7. Be3 O-O 8.
Be2 d6 9. O-O Bd7 10. Rc1 Nxd4 11. Bxd4 Bc6 12. f3 a5 13. b3 Nd7 14. Be3 Nc5
15. Qd2 Qb6 16. Nb5 Rfc8 17. Rfd1 Be5 18. Bf1 Bd7 19. Qf2 Qd8 20. Nc3 Be6 21.
Nb5 Qf8 22. f4 Bg7 23. e5 Bg4 24. Re1 Ne4 25. Qc2 Nc5 26. exd6 exd6 27. Qd2
Rd8 28. Nc7 Ra7 29. h3 Bd7 30. Rcd1 b6 31. Nd5 Rb7 32. Bd4 Bc6 33. Nf6+ Bxf6
34. Bxf6 Rdd7 35. Bb2 f6 36. Re3 Kg7 37. Rde1 Rd8 38. Qe2 Rf7 39. g4 Kg8 40.
Bg2 Bxg2 41. Qxg2 f5 42. Qd5 Ne4 43. Qd4 Rg7 44. Qxg7+ Qxg7 45. Bxg7 Kxg7 46.
Rd1 Kf6 47. Rd5 Ke6 48. Rb5 Rb8 49. Kg2 Kf6 50. Rd5 Ke6 51. Kf3 Kf6 52. Re2
Rb7 53. Re1 Re7 54. Red1 Re6 55. R1d3 Nc5 56. R3d4 Ne4 57. Rb5 1-0

[Event "American Zonal 2_5 Open"]
[Site "Montevideo, URU"]
[Date "2013.04.20"]
[Round "3.8"]
[White "Salinas Herrera, Pablo"]
[Black "Coppola, Claudio"]
[Result "1/2-1/2"]
[WhiteElo "2401"]
[BlackElo "2173"]

1. e4 e5 2. Nf3 Nf6 3. Nxe5 d6 4. Nf3 Nxe4 5. Nc3 Nxc3 6. dxc3 Be7 7. Be3 Nc6
8. Qd2 Be6 9. Be2 Qd7 10. Bf4 Bf6 11. h4 h6 12. Nd4 Nxd4 13. cxd4 d5 14.
O-O-O O-O-O 15. Qa5 Kb8 16. Bb5 Qc8 17. Rd3 Be7 18. Rc3 Bd6 19. Bxd6 Rxd6 20.
Rg3 Qd8 21. Qd2 Qf6 22. Re3 Bd7 23. Rf3 Qg6 24. Bf1 Re8 25. h5 Qe6 26. Re3 Qf6
27. Rhh3 Rde6 28. Rxe6 Rxe6 29. Rh1 Re4 30. c3 Rh4 31. Rxh4 Qxh4 32. Qe2 Qf4+
33. Qd2 Qe4 34. f3 Qf5 35. Bd3 Qxh5 36. Qe2 Be6 37. Kc2 Qh4 38. Kb3 Qg3 39.
a4 h5 40. a5 a6 41. Ka3 h4 42. b4 Qh2 43. Qf1 h3 44. gxh3 Bxh3 45. Qe1 Be6
46. Qe3 Qh6 47. Qe2 Qf4 48. Kb2 g5 49. Bc2 c6 50. Qe1 Qxf3 51. Qe5+ Ka7 52.
Qxg5 Qe2 53. Qe7 Qh2 54. Qc5+ Ka8 55. Qf8+ Qb8 56. Qe7 Qh2 57. Qd8+ Qb8 58. Qe7
Qh2 1/2-1/2

[Event "American Zonal 2_5 Open"]
[Site "Montevideo, URU"]
[Date "2013.04.20"]
[Round "3.9"]
[White "Lopez Azambuja, Nicolas"]
[Black "Vazquez, Guillermo"]
[Result "1/2-1/2"]
[WhiteElo "2173"]
[BlackElo "2351"]

1. d4 Nf6 2. c4 e6 3. Nc3 Bb4 4. Qc2 d5 5. cxd5 exd5 6. Bg5 h6 7. Bxf6 Qxf6
8. a3 Bxc3+ 9. Qxc3 O-O 10. e3 c6 11. Nf3 a5 12. b4 axb4 13. axb4 Rxa1+ 14.
Qxa1 Qd6 15. Qc3 Bf5 16. Be2 Nd7 17. O-O Bg4 18. Ra1 Rc8 19. Ra7 Qb8 20. Ra1 g6
21. h3 Bxf3 22. Bxf3 Rc7 23. b5 Nf6 24. Qb3 Qd8 25. bxc6 bxc6 26. Qb6 Rc8
27. Qa6 1/2-1/2

[Event "American Zonal 2_5 Open"]
[Site "Montevideo, URU"]
[Date "2013.04.20"]
[Round "3.10"]
[White "Granara Barreto, Sebastian A."]
[Black "Muniz, Rafael"]
[Result "1/2-1/2"]
[WhiteElo "2099"]
[BlackElo "2279"]

1. c4 c5 2. g3 Nf6 3. Bg2 e6 4. Nf3 Be7 5. O-O O-O 6. Nc3 a6 7. d4 cxd4 8.
Nxd4 Nc6 9. Nxc6 bxc6 10. Bf4 d5 11. Rc1 Nh5 12. Be3 a5 13. cxd5 cxd5 14. Na4
Rb8 15. b3 Nf6 16. Bc5 Bxc5 17. Nxc5 Qb6 18. Qd2 Nd7 19. Na4 Qb4 20. Rfd1 Nf6
21. Nc5 Qb6 1/2-1/2

[Event "American Zonal 2_5 Open"]
[Site "Montevideo, URU"]
[Date "2013.04.20"]
[Round "3.11"]
[White "El Ters, Antouan"]
[Black "Izquierdo, Sebastian"]
[Result "1-0"]
[WhiteElo "2236"]
[BlackElo "2035"]

1. e4 d5 2. exd5 Nf6 3. Bb5+ Bd7 4. Bxd7+ Qxd7 5. Nf3 Nxd5 6. O-O Nc6 7. d4
e6 8. Qe2 Be7 9. c4 Nb6 10. Rd1 O-O 11. Nc3 Bf6 12. Ne4 Be7 13. Bf4 Rad8 14.
h3 Rfe8 15. b3 Qc8 16. Rd2 a5 17. Rad1 a4 18. Ne5 Nxe5 19. Bxe5 f6 20. Bg3
axb3 21. axb3 Bd6 22. Bxd6 cxd6 23. c5 dxc5 24. dxc5 Nd5 25. Qc4 Re7 26. Nc3
Red7 27. Nxd5 exd5 28. Rxd5 Kf8 29. b4 Qc6 30. Rxd7 Rxd7 31. Rxd7 Qxd7 32. b5
Qd1+ 33. Kh2 Qd7 34. g3 h6 35. c6 bxc6 36. bxc6 Qc7 37. Qe6 Qe7 38. Qc8+ Kf7
39. Qb7 Ke6 40. c7 1-0

[Event "American Zonal 2_5 Open"]
[Site "Montevideo, URU"]
[Date "2013.04.20"]
[Round "3.12"]
[White "Mesias Rojas, Rabindranath"]
[Black "Muzzi, Eduardo"]
[Result "1/2-1/2"]
[WhiteElo "2213"]
[BlackElo "2022"]

1. d4 e6 2. c4 f5 3. g3 Nf6 4. Bg2 c6 5. Nf3 d5 6. Bf4 Be7 7. O-O O-O 8. Qc2
Ne4 9. Nc3 Nd7 10. Ne5 g5 11. Nxd7 Bxd7 12. Be5 Bf6 13. Bxf6 Qxf6 14. Rad1
Nxc3 15. Qxc3 Be8 16. f3 f4 17. e4 Bg6 18. exd5 exd5 19. Rfe1 dxc4 20. Qxc4+
Bf7 21. Qb4 Rad8 22. g4 Rd7 23. Rd2 Rfd8 24. Red1 Qd6 25. Qa4 Qd5 1/2-1/2

[Event "American Zonal 2_5 Open"]
[Site "Montevideo, URU"]
[Date "2013.04.20"]
[Round "3.13"]
[White "Ibar, Marcelo"]
[Black "Ibanez, Juan Rodrigo"]
[Result "1/2-1/2"]
[WhiteElo "2196"]
[BlackElo "2009"]

1. e4 e5 2. Nf3 d6 3. d4 exd4 4. Nxd4 Nf6 5. Nc3 Be7 6. Bc4 O-O 7. O-O c6 8.
a4 Re8 9. Re1 h6 10. h3 Bf8 11. Bf4 Nbd7 12. Nf3 Nc5 13. e5 dxe5 14. Qxd8
Rxd8 15. Bxe5 Nd5 16. Bxd5 cxd5 17. Bc7 Rd7 18. Bg3 Rd8 19. Bc7 Rd7 20. Bg3 Rd8
21. Bc7 1/2-1/2

[Event "American Zonal 2_5 Open"]
[Site "Montevideo, URU"]
[Date "2013.04.20"]
[Round "3.14"]
[White "Lanzilotta, Marcelo"]
[Black "Zacarias, M Ruben D"]
[Result "0-1"]
[WhiteElo "1980"]
[BlackElo "2186"]

1. e4 e6 2. d3 d5 3. Nd2 Nf6 4. Ngf3 Bc5 5. e5 Nfd7 6. Nb3 Bb6 7. Qe2 c5 8.
g3 f6 9. Bh3 f5 10. Bg5 Qc7 11. Bf4 O-O 12. O-O h6 13. Rae1 Qd8 14. Qd2 g5 15.
Nxg5 hxg5 16. Bxg5 Qe8 17. Bh6 Qh5 18. Kg2 Rf7 19. Bg5 Nf8 20. Bf6 Nc6 21.
g4 fxg4 22. Re3 Rxf6 23. Bxg4 Rg6 24. h3 Nxe5 25. Rg3 Nxg4 26. hxg4 Qe5 27. f4
Qg7 28. g5 Bd7 29. Rh1 c4 30. dxc4 dxc4 0-1

[Event "American Zonal 2_5 Open"]
[Site "Montevideo, URU"]
[Date "2013.04.20"]
[Round "3.15"]
[White "Arcos Facio, Mateo"]
[Black "Lallana Yanez, Daniel"]
[Result "1-0"]
[WhiteElo "2185"]
[BlackElo "1985"]

1. e4 e5 2. Nf3 Nc6 3. d4 exd4 4. Bc4 d6 5. Nxd4 Nxd4 6. Qxd4 Be6 7. Nc3 Nf6
8. Bf4 Be7 9. O-O-O O-O 10. Rhe1 Nd7 11. Nd5 Bxd5 12. Bxd5 Bf6 13. Qd2 a5 14.
Be3 c6 15. Bc4 b5 16. Qxd6 Ne5 17. Qxd8 Rfxd8 18. Be2 Nd7 19. f4 Be7 20. Bf3
Rab8 21. e5 Rbc8 22. Bf2 c5 23. Re2 Kf8 24. g4 c4 25. Rd5 Bc5 26. Bxc5+ Nxc5
27. Rxd8+ Rxd8 28. Rd2 Ke7 29. Rxd8 Kxd8 30. Kd2 Ke7 31. Bc6 b4 32. Bd5 f6
33. exf6+ Kxf6 34. Bxc4 Ne4+ 35. Ke3 Nd6 36. Bd3 h6 37. Kd4 Ke6 38. a3 bxa3
39. bxa3 Kd7 40. c4 Kc6 41. a4 Ne8 42. g5 hxg5 43. fxg5 Nc7 44. h4 Ne6+ 45. Ke5
Nf8 46. h5 Kc5 47. h6 gxh6 48. gxh6 Kb4 49. Kf6 Nd7+ 50. Kg7 Nc5 51. h7 Nxd3
52. h8=Q Kxa4 53. Qb8 Ka3 54. Qg3 1-0

[Event "American Zonal 2_5 Open"]
[Site "Montevideo, URU"]
[Date "2013.04.20"]
[Round "3.16"]
[White "Michailov, Matias"]
[Black "D'Andrea, Leonardo"]
[Result "1/2-1/2"]
[WhiteElo "2158"]
[BlackElo "1921"]

1. d4 Nf6 2. c4 e6 3. Nc3 Bb4 4. e3 O-O 5. a3 Bxc3+ 6. bxc3 c5 7. Bd3 b6 8.
Nf3 Nc6 9. O-O Ba6 10. e4 Ne8 11. e5 f6 12. exf6 Nxf6 13. d5 exd5 14. cxd5
Bxd3 15. Qxd3 Ne7 16. c4 Ng6 17. Bg5 Qe7 18. Rae1 Qd6 19. Nd2 Rae8 20. Qg3 Qxg3
21. hxg3 Ng4 22. Ne4 h6 23. Bd2 N4e5 24. Nd6 Re7 25. Bc3 Nf7 26. Nf5 Rxe1 27.
Rxe1 Nfe5 28. Nxh6+ gxh6 29. Bxe5 Re8 30. f4 d6 31. Bc3 Rxe1+ 32. Bxe1 b5
33. cxb5 Ne7 34. Kf2 Nxd5 35. Kf3 Nb6 36. Ke4 Kf7 37. g4 d5+ 38. Kd3 Nc4 39. f5
Nxa3 40. Bd2 Kg7 41. Be3 Nxb5 42. Bxc5 a5 43. Be3 a4 44. Bc1 a3 45. Ke3 Kf6
46. Kf4 a2 47. Bb2+ d4 48. Ke4 Kf7 49. Kd3 Kf6 1/2-1/2

[Event "American Zonal 2_5 Open"]
[Site "Montevideo, URU"]
[Date "2013.04.20"]
[Round "3.17"]
[White "Augoustis Funti, Alexis"]
[Black "Saralegui, Mario"]
[Result "0-1"]
[WhiteElo "1948"]
[BlackElo "2146"]

1. e4 e5 2. Nf3 Nc6 3. Bc4 Nf6 4. d3 Be7 5. c3 d6 6. Nbd2 O-O 7. Nf1 h6 8. h3
a6 9. Bb3 d5 10. Qe2 d4 11. g4 Nd7 12. Ng3 Nc5 13. Bc2 b5 14. Nf5 dxc3 15.
bxc3 b4 16. c4 Bxf5 17. gxf5 Nd4 18. Nxd4 Qxd4 19. Rb1 Rfd8 20. Rg1 Kh7 21.
Rg3 Bf6 22. Kf1 a5 23. Qh5 Nxe4 24. dxe4 Qxc4+ 25. Qe2 Qxa2 26. Rgb3 c5 27.
R3b2 Qa3 28. Bb3 a4 29. Rd2 Rxd2 30. Qxd2 Bg5 31. Qxg5 Qxb3 32. Rxb3 hxg5 33.
Rb1 a3 34. Bd2 Rb8 35. Ke2 a2 36. Ra1 b3 37. Bc3 b2 38. Bxb2 Rxb2+ 39. Ke3 c4
0-1